Joueurs du mois de Ligue 1 (2021-2022) - Statistiques

Statistiques générales
  • Ce quiz a été pris 286 fois
  • Le résultat moyen est 8 sur 9
Statistiques - réponses
Club Nationalité Joueur Mois % Correct
Paris-Saint-Germain France Kylian Mbappé Août
100%
Paris-Saint-Germain France Kylian Mbappé Février
100%
RC Lens Côte d'Ivoire Seko Fofana Septembre
94%
Olympique Lyonnais Brésil Lucas Paqueta Octobre
92%
AS Monaco France Wissam Ben Yedder Janvier
92%
Stade Rennais France Martin Terrier Mars
90%
Montpellier France Téji Savanier Décembre
80%
Stade Rennais France Benjamin Bourigeaud Avril
72%
Stade Rennais France Gaëtan Laborde Novembre
67%
Aucun quiz correspondant
Distribution des résultats
% des personnes avec chaque résultat
Percentile par nombre de réponses
Votre historique - résultats
Vous n’avez pas pris ce quiz